| 000 | 00750nam a22001577a 4500 | ||
|---|---|---|---|
| 008 | 160525b xxu||||| |||| 00| 0 eng d | ||
| 082 |
_a708 _bC184a |
||
| 100 |
_aLuis Camnitzer; Ernesto Calvo _95037 |
||
| 110 |
_a Museo de Arte y Diseño Contemporáneo (San José, Costa Rica) _95038 |
||
| 245 |
_aLuis Camnitzer : muestra antológica. _c Luis Camnitzer; Ernesto Calvo, (Director MADC); Museo de Arte y Diseño Contemporáneo (San José, Costa Rica) |
||
| 260 |
_aSan José, Costa Rica _b Museo de Arte y Diseño Contemporáneo _c2010 |
||
| 300 |
_a79 pag _b color illustrations _c24 cm |
||
| 600 |
_aLuis Camnitzer _95017 |
||
| 610 |
_aMADC- CR _95039 |
||
| 650 |
_aLuis Camnitzer . - 1937 _vExhicibion _xArte latinoamericano _ySiglo XXI _zarte - uruguay _95040 |
||
| 999 |
_c918 _d918 |
||